Kabale University Library Catalogue

Calculus : (Record no. 5970)

MARC details
000 -LEADER
fixed length control field 00780cam a2200253 a 4500
003 - CONTROL NUMBER IDENTIFIER
control field OSt
005 - DATE AND TIME OF LATEST TRANSACTION
control field 20260417020004.0
008 - FIXED-LENGTH DATA ELEMENTS--GENERAL INFORMATION
fixed length control field 020919s2003 nyua 001 0 eng
020 ## - INTERNATIONAL STANDARD BOOK NUMBER
International Standard Book Number 9781119770671
020 ## - INTERNATIONAL STANDARD BOOK NUMBER
International Standard Book Number 9781119770698
Qualifying information ePub
020 ## - INTERNATIONAL STANDARD BOOK NUMBER
International Standard Book Number 978111977069
Qualifying information ePdf
040 ## - CATALOGING SOURCE
Original cataloging agency KABLIB
Transcribing agency KABLIB
Language of cataloging eng
082 00 - DEWEY DECIMAL CLASSIFICATION NUMBER
Classification number 515
Edition number 23
Item number SAL
100 1# - MAIN ENTRY--PERSONAL NAME
Personal name Salas, Saturnino L.
9 (RLIN) 2835
245 10 - TITLE STATEMENT
Title Calculus :
Remainder of title one and several variables.
Statement of responsibility, etc. Saturnino L.Salas, Einar Hille, Garret, J. Etgen
250 ## - EDITION STATEMENT
Edition statement 10th ed. /
Remainder of edition statement Salas, Hille, Etgen.
260 ## - PUBLICATION, DISTRIBUTION, ETC.
Place of publication, distribution, etc. New York :
Name of publisher, distributor, etc. J. Wiley & Sons,
Date of publication, distribution, etc. c2021.
300 ## - PHYSICAL DESCRIPTION
Extent x, 1039 p. :
Other physical details col. ill. ;
Dimensions 28 cm.
500 ## - GENERAL NOTE
General note Includes index.
650 #0 - SUBJECT ADDED ENTRY--TOPICAL TERM
Topical term or geographic name entry element Calculus.
700 1# - ADDED ENTRY--PERSONAL NAME
Personal name Hille, Einar,
9 (RLIN) 2836
700 1# - ADDED ENTRY--PERSONAL NAME
Personal name Etgen, Garret J.,
9 (RLIN) 15052
942 ## - ADDED ENTRY ELEMENTS (KOHA)
Source of classification or shelving scheme Dewey Decimal Classification
Koha item type Book
Koha issues (borrowed), all copies 1
Holdings
Withdrawn status Lost status Source of classification or shelving scheme Damaged status Not for loan Home library Current library Shelving location Date acquired Source of acquisition Total Checkouts Full call number Barcode Date last seen Price effective from Koha item type Date last checked out
    Dewey Decimal Classification     Education Library Mukombe Library Open Access Section 03.03.2026 Purchased 1 515 SAL 14678 30.04.2026 03.03.2026 Book 16.04.2026
    Dewey Decimal Classification     Education Library Education Library Reserve Section 03.02.2026 Purchased   515 SAL 14030 03.02.2026 03.02.2026 Book  
    Dewey Decimal Classification     Education Library Education Library Reserve Section 03.02.2026 Purchased   515 SAL 14031 03.02.2026 03.02.2026 Book  
    Dewey Decimal Classification     Education Library Education Library Reserve Section 03.03.2026 Purchased   515 SAL 14679 03.03.2026 03.03.2026 Book  

Kabale University Library | Kabale University P.O Box 317, Kabale, Uganda
Tel : +256754017033, +256774661503 E-mail : library@kab.ac.ug